| 000 | 00549nam a22001817a 4500 | ||
|---|---|---|---|
| 999 |
_c11565 _d11565 |
||
| 003 | AR-CdUCM | ||
| 008 | 190404b ||||| |||| 00| 0 spa d | ||
| 040 |
_aMUNICIPALIDAD PROVINCIAL DEL CUSCO _cBIBLIOTECA MUNICIPAL DEL CUSCO |
||
| 082 |
_a869.56 / _bP78C / 1945 |
||
| 100 |
_aPortal, Magda _92802 |
||
| 245 | _aCosta sur / | ||
| 260 |
_aSantiago de Chile : _bImpr. Nueva, _c1945. |
||
| 300 |
_a130 páginas ; _c18 cm. |
||
| 505 | _aContenido: Poesías. | ||
| 650 |
_aPoesías Peruanas _914867 |
||
| 942 |
_2ddc _cLIBROS |
||
| 945 |
_aachl _d2019-04-04 |
||